000 00498nam a2200205Ia 4500
003 OSt
005 20221112095354.0
008 210210b1991 xxu||||| |||| 00| 0 eng d
020 _a8120713583
040 _cAL
041 _aEnglish
082 _a333.7 KARE
100 _aKARPAGAM (M).
_961745
245 _aEnvironmental economics: a textbook
260 _aMadras
_bSterling Publishers Ltd
_c1991
300 _a275
690 _aSocial Problems
_961746
906 _a046328
942 _2ddc
_cBK
999 _c95283
_d95283